<?xml version="1.0" encoding="UTF-8"?><?xml-stylesheet type="text/xsl" href="static/style.xsl"?><OAI-PMH xmlns="http://www.openarchives.org/OAI/2.0/" xmlns:xsi="http://www.w3.org/2001/XMLSchema-instance" xsi:schemaLocation="http://www.openarchives.org/OAI/2.0/ http://www.openarchives.org/OAI/2.0/OAI-PMH.xsd"><responseDate>2026-06-06T19:03:34Z</responseDate><request verb="GetRecord" identifier="oai:riuma.uma.es:10630/40912" metadataPrefix="marc">https://riuma.uma.es/rest/oai/request</request><GetRecord><record><header><identifier>oai:riuma.uma.es:10630/40912</identifier><datestamp>2026-02-03T11:59:37Z</datestamp><setSpec>com_10630_2254</setSpec><setSpec>col_10630_37959</setSpec></header><metadata><record xmlns="http://www.loc.gov/MARC21/slim" xmlns:dcterms="http://purl.org/dc/terms/" xmlns:doc="http://www.lyncode.com/xoai" xmlns:xsi="http://www.w3.org/2001/XMLSchema-instance" xsi:schemaLocation="http://www.loc.gov/MARC21/slim http://www.loc.gov/standards/marcxml/schema/MARC21slim.xsd">
   <leader>00925njm 22002777a 4500</leader>
   <datafield ind2=" " ind1=" " tag="042">
      <subfield code="a">dc</subfield>
   </datafield>
   <datafield ind2=" " ind1=" " tag="720">
      <subfield code="a">Santamaría, José I.</subfield>
      <subfield code="e">author</subfield>
   </datafield>
   <datafield ind2=" " ind1=" " tag="720">
      <subfield code="a">Hernández-García, Ruber</subfield>
      <subfield code="e">author</subfield>
   </datafield>
   <datafield ind2=" " ind1=" " tag="720">
      <subfield code="a">Barrientos, Ricardo J.</subfield>
      <subfield code="e">author</subfield>
   </datafield>
   <datafield ind2=" " ind1=" " tag="720">
      <subfield code="a">Castro Payán, Francisco Manuel</subfield>
      <subfield code="e">author</subfield>
   </datafield>
   <datafield ind2=" " ind1=" " tag="720">
      <subfield code="a">Ramos-Cózar, Julián</subfield>
      <subfield code="e">author</subfield>
   </datafield>
   <datafield ind2=" " ind1=" " tag="720">
      <subfield code="a">Guil-Mata, Nicolás</subfield>
      <subfield code="e">author</subfield>
   </datafield>
   <datafield ind2=" " ind1=" " tag="260">
      <subfield code="c">2021</subfield>
   </datafield>
   <datafield ind2=" " ind1=" " tag="520">
      <subfield code="a">In recent years, biometric systems have positioned themselves among the most widely used technologies for people recognition. In this context, palm vein patterns have received the attention of researchers due to their uniqueness, non-intrusion, and reliability. Currently, research on palm vein recognition based on deep learning is still very preliminary, most of the works are based on very deep models by using pre-trained models and transfer learning techniques. In this work, we evaluate end-to-end CNN models for palm vein recognition. The proposed method was implemented on seven public databases of palm vein images and two convolutional neural network architectures were evaluated: SingleNet, the proposed architecture of few convolutional layers, and a deeper architecture based on ResNet32. The experimental results demonstrate the superiority of the SingleNet model, outperforming the state-of-the-art results for the IITI, PUT, and FYO databases, achieving the same results on the Tongji and PolyU datasets, and obtaining a slightly lower performance for the VERA and CASIA databases. Comparing to the state-of-theart approaches, our proposed method is computationally simpler than those that are based on very deep architectures and others that fuse hand-crafted and CNN extracted features.</subfield>
   </datafield>
   <datafield ind1="8" ind2=" " tag="024">
      <subfield code="a">https://hdl.handle.net/10630/40912</subfield>
   </datafield>
   <datafield ind1="8" ind2=" " tag="024">
      <subfield code="a">10.1109/SCCC54552.2021.9650384</subfield>
   </datafield>
   <datafield tag="653" ind2=" " ind1=" ">
      <subfield code="a">Biometría</subfield>
   </datafield>
   <datafield tag="653" ind2=" " ind1=" ">
      <subfield code="a">Redes neuronales (Informática)</subfield>
   </datafield>
   <datafield tag="653" ind2=" " ind1=" ">
      <subfield code="a">Reconocimiento de formas (Informática)</subfield>
   </datafield>
   <datafield ind2="0" ind1="0" tag="245">
      <subfield code="a">Evaluation of end-to-end CNN models for palm vein recognition PDF.</subfield>
   </datafield>
</record>
</metadata></record></GetRecord></OAI-PMH>